| 000 | 00880nam a22002297a 4500 | ||
|---|---|---|---|
| 005 | 20240530110533.0 | ||
| 008 | 160326s2012 ua a f 000 0aara d | ||
| 017 |
_a2012/13487 _bمصر . دار الكتب المصرية |
||
| 020 | _a9789770931127 | ||
| 040 | _aEG-CaGPL | ||
| 082 | 0 | 4 |
_221 _a923.2 _bق/م س |
| 100 | 0 | _aمحمد البرادعى . | |
| 245 | 1 | 0 |
_aسنوات الخداع : _bالدبلوماسية النووية فى زمن الخديعة / _cمحمد البرادعى ؛ ترجمة احمد هيكل . |
| 250 | _aط1. | ||
| 260 |
_aالقاهرة : _bدار الشروق ، _c2012 . |
||
| 300 |
_a367 ص ؛ _c24 سم . |
||
| 600 | 0 |
_aمحمد البرادعى _vمذكرات . |
|
| 651 | 0 | 4 |
_aمصر _xالاحوال السياسية . |
| 700 | 0 |
_aاحمد هيكل _eمترجم . |
|
| 942 |
_2ddc _cBK |
||
| 999 |
_c62134 _d62134 |
||